000 00297nam a2200109Ia 4500
008 171211s9999 xx 000 0 und d
245 _aDrafting for the Theatre, 2 edition
245 _cRudolf Arnheim
260 _c2012
650 _xDesign
856 _uhttp://down.ebook777.com/061/0809330377.pdf
999 _c347940
_d347940